000 00529nam a2200217Ia 4500
001 13920
003 GE_BSU
008 181216s||||||||xx |||||||||||||| ||und||
020 _a075251069X
040 _cGE_BSU
080 _a75
100 _aBeare,Beryl.
245 _aDreams & Destinies.The mysteries of your dreams explained.
260 _aLondon.
260 _bParacon.
260 _c1995
300 _a96p;31cm.
300 _bill.
653 _aDreams & Destinies.The mysteries of your dreams explained.
942 _cBK
999 _c47063
_d47063